[Event "Western States op"]
[Site "Reno"]
[Date "2003.10.17"]
[Round "1"]
[White "Wojtkiewicz, Aleksander"]
[Black "Kelson, Richard"]
[Result "1-0"]
[WhiteElo "2638"]
[BlackElo "2286"]
[PlyCount "64"]
[EventDate "2003.10.17"]
[EventType "swiss"]
[EventRounds "6"]
[EventCountry "USA"]
[SourceTitle "EXT 2009"]
[Source "ChessBase"]
[SourceDate "2008.11.26"]
[SourceVersion "1"]
[SourceVersionDate "2008.11.26"]
[SourceQuality "1"]

1. Nf3 Nf6 2. c4 e6 3. g3 d5 4. d4 Be7 5. Bg2 0-0 6. 0-0 dxc4 7. Ne5 Nc6 8. Bxc6 bxc6 9. Nxc6 Qe8 10. Nxe7+ Qxe7 11. Qa4 e5 12. dxe5 Qxe5 13. Qxc4 Be6 14. Qd3 Rfd8 15. Qe3 Qh5 16. f3 Nd5 17. Qc5 Qh3 18. Nd2 h6 19. Ne4 Rd7 20. Bd2 Nb6 21. Bc3 Na4 22. Qa5 Nxc3 23. Qxc3 Rad8 24. b3 Bf5 25. Nf2 Qh5 26. Rad1 Qg5 27. Rxd7 Rxd7 28. Rd1 Rxd1+ 29. Nxd1 Bb1 30. a3 Qe7 31. Qc1 Bh7 32. Qb2 Qd6 1-0

[Event "North American op"]
[Site "Las Vegas"]
[Date "2002.12.27"]
[Round "3"]
[White "Ilfeld, Etan"]
[Black "Kelson, Richard"]
[Result "1-0"]
[WhiteElo "2176"]
[BlackElo "2278"]
[PlyCount "105"]
[EventDate "2002.12.26"]
[EventType "swiss"]
[EventRounds "6"]
[EventCountry "USA"]
[SourceTitle "CBM 092 Extra"]
[Source "ChessBase"]
[SourceDate "2003.03.07"]
[SourceVersion "1"]
[SourceVersionDate "2003.03.07"]
[SourceQuality "1"]

1. e4 e5 2. Nf3 Nf6 3. Nc3 Nc6 4. Bb5 Nd4 5. Ba4 Bc5 6. d3 c6 7. Nxe5 d6 8. Nf3 Bg4 9. h3 Bxf3 10. gxf3 b5 11. Bb3 Nh5 12. f4 g6 13. Be3 Qb6 14. Bxd4 Bxd4 15. Qf3 Qa5 16. Kd2 0-0 17. Rag1 Kh8 18. f5 Rae8 19. Rg5 d5 20. exd5 cxd5 21. Qxd5 Bxf2 22. Kd1 Ng3 23. Rxg3 Bxg3 24. Qxb5 Qc7 25. Ne4 Qf4 26. Nxg3 Qxg3 27. Qd5 Re5 28. Qc6 Rxf5 29. Re1 Qf3+ 30. Qxf3 Rxf3 31. Re7 Rxh3 32. Rxa7 Kg7 33. a4 Rh1+ 34. Kd2 Ra1 35. Bc4 h5 36. a5 h4 37. Be6 Kf6 38. Bd7 Rd8 39. Bc6 h3 40. b4 Rc8 41. Bd5 Ke5 42. Rd7 f5 43. d4+ Kf4 44. Rh7 Kg4 45. Rh6 g5 46. a6 Rd8 47. Bb7 Rxd4+ 48. Kc3 Rd7 49. b5 Rb1 50. a7 Rc7+ 51. Rc6 Rxc6+ 52. Bxc6 Rxb5 53. Bxb5 1-0

[Event "North American op"]
[Site "Las Vegas"]
[Date "2002.12.26"]
[Round "1"]
[White "Johnson, Ben"]
[Black "Kelson, Richard"]
[Result "0-1"]
[WhiteElo "2179"]
[BlackElo "2278"]
[PlyCount "108"]
[EventDate "2002.12.26"]
[EventType "swiss"]
[EventRounds "6"]
[EventCountry "USA"]
[SourceTitle "CBM 092 Extra"]
[Source "ChessBase"]
[SourceDate "2003.03.07"]
[SourceVersion "1"]
[SourceVersionDate "2003.03.07"]
[SourceQuality "1"]

1. e4 e5 2. Nf3 Nf6 3. Nc3 Nc6 4. Bb5 Nd4 5. Bd3 d6 6. Nxd4 exd4 7. Ne2 d5 8. e5 Ng4 9. f4 Bc5 10. b4 Bxb4 11. Nxd4 c5 12. Bb5+ Kf8 13. c3 Ne3 14. dxe3 Bxc3+ 15. Bd2 cxd4 16. Bxc3 dxc3 17. Kf2 g5 18. Qd4 gxf4 19. Qxf4 Rg8 20. Rac1 Be6 21. Bd3 Qg5 22. g3 Rc8 23. Bxh7 Rc4 24. Qf6 Qxf6+ 25. exf6 Rh8 26. Bd3 Ra4 27. Bb1 Rh6 28. Rxc3 Rxf6+ 29. Ke1 b6 30. Rf1 Kg7 31. Rxf6 Kxf6 32. Kd2 a5 33. Rc6 Rb4 34. Bc2 Rb2 35. a3 Rb5 36. Kc3 Rc5+ 37. Rxc5 bxc5 38. Ba4 Ke5 39. Bc6 d4+ 40. exd4+ cxd4+ 41. Kd2 Bh3 42. Bf3 f5 43. Bb7 f4 44. gxf4+ Kxf4 45. Kd3 Ke5 46. Bf3 Bf5+ 47. Kc4 Kf4 48. Bd1 Ke3 49. Kb5 Kd2 50. Bh5 Ke1 51. Kxa5 d3 52. Kb4 d2 53. Kc3 Bd7 54. h4 Bb5 0-1

[Event "Western States op"]
[Site "Reno"]
[Date "2002.10.18"]
[Round "1"]
[White "Ibragimov, Ildar"]
[Black "Kelson, Richard"]
[Result "1-0"]
[WhiteElo "2651"]
[BlackElo "2303"]
[PlyCount "53"]
[EventDate "2002.10.18"]
[EventType "swiss"]
[EventRounds "6"]
[EventCountry "USA"]
[SourceTitle "EXT 2009"]
[Source "ChessBase"]
[SourceDate "2008.11.26"]
[SourceVersion "1"]
[SourceVersionDate "2008.11.26"]
[SourceQuality "1"]

1. d4 Nf6 2. c4 e6 3. Nc3 Bb4 4. e3 c5 5. Bd3 Nc6 6. Nf3 d6 7. Bd2 0-0 8. a3 Ba5 9. dxc5 dxc5 10. Qc2 Qe7 11. 0-0-0 a6 12. Ne4 h6 13. Nxf6+ Qxf6 14. Bh7+ Kh8 15. Be4 Bc7 16. g4 e5 17. Rhg1 Qe7 18. g5 h5 19. g6 f5 20. Bd5 e4 21. Ng5 Ne5 22. Bc3 Ng4 23. Nf7+ Kg8 24. h3 Nf6 25. Bxf6 Qxf6 26. Ng5+ Kh8 27. Nh7 1-0

[Event "US Open-96"]
[Site "Concord"]
[Date "1995.??.??"]
[Round "6"]
[White "Kelson, Richard"]
[Black "Jacobi, Steve"]
[Result "0-1"]
[WhiteElo "2330"]
[BlackElo "2345"]
[PlyCount "84"]
[EventDate "1995.08.06"]
[EventType "swiss"]
[EventRounds "12"]
[EventCountry "USA"]
[SourceTitle "EXT 1997"]
[Source "ChessBase"]
[SourceDate "1996.11.15"]
[SourceVersion "1"]
[SourceVersionDate "1996.11.15"]
[SourceQuality "1"]

1. e4 e6 2. d4 d5 3. Nd2 dxe4 4. Nxe4 Nd7 5. Nf3 Ngf6 6. Bd3 Nxe4 7. Bxe4 Nf6 8. Bd3 b6 9. 0-0 Bb7 10. c3 Be7 11. Ne5 0-0 12. Qe2 c5 13. dxc5 bxc5 14. Rd1 Qc7 15. Bf4 Bd6 16. Bg3 Rad8 17. c4 g6 18. Bc2 Nh5 19. Nf3 Nxg3 20. hxg3 Be7 21. Rxd8 Rxd8 22. Rd1 Bf6 23. Rxd8+ Qxd8 24. Ba4 Qd6 25. b3 Kg7 26. Nd2 Bd4 27. Kh2 h5 28. Kh1 Bf6 29. Kg1 Qd4 30. Nf3 Qa1+ 31. Kh2 e5 32. Bd7 e4 33. Nh4 Qd4 34. Bh3 Qe5 35. Kg1 Kf8 36. Qe3 Qa1+ 37. Kh2 Qd4 38. Qf4 Qe5 39. Qe3 Bxh4 40. f4 Qd4 41. Qxd4 cxd4 42. gxh4 d3 0-1

[Event "US Open-96"]
[Site "Concord"]
[Date "1995.??.??"]
[Round "9"]
[White "Sanchez, Gabriel1111"]
[Black "Kelson, Richard"]
[Result "0-1"]
[WhiteElo "2240"]
[BlackElo "2340"]
[PlyCount "98"]
[EventDate "1995.08.06"]
[EventType "swiss"]
[EventRounds "12"]
[EventCountry "USA"]
[SourceTitle "EXT 2001"]
[Source "ChessBase"]
[SourceDate "2000.11.22"]
[SourceVersion "1"]
[SourceVersionDate "2000.11.22"]
[SourceQuality "1"]

1. Nf3 Nf6 2. c4 e6 3. d4 b6 4. Bf4 Bb7 5. e3 Bb4+ 6. Nc3 Bxc3+ 7. bxc3 d6 8. Bd3 Nbd7 9. Bg5 h6 10. Bh4 Qe7 11. Rb1 g5 12. Bg3 Ne4 13. Qc2 f5 14. d5 Ndc5 15. Nd4 Qf6 16. Nb5 Nxd3+ 17. Qxd3 Nc5 18. Qe2 0-0-0 19. f3 a6 20. Nd4 exd5 21. 0-0 dxc4 22. Qxc4 f4 23. Bf2 Rhg8 24. Ne2 Qe6 25. Qxe6+ Nxe6 26. Nd4 Nxd4 27. cxd4 fxe3 28. Bxe3 Rde8 29. Rfe1 g4 30. Bxh6 gxf3 31. g3 Kd7 32. Bf4 Ref8 33. Be3 Rf5 34. Kf2 Ra5 35. Rb2 Rh5 36. Kg1 Rxg3+ 37. hxg3 Rh1+ 38. Kf2 Rh2+ 39. Kf1 Rxb2 40. Bf2 Rxa2 41. g4 Bd5 42. g5 Bf7 43. Re3 Ra5 44. Bh4 Rf5 45. Kf2 a5 46. d5 a4 47. Re4 b5 48. Rb4 Rxd5 49. Kxf3 a3 0-1

[Event "Las Vegas National op"]
[Site "Las Vegas"]
[Date "1994.??.??"]
[Round "?"]
[White "Feldman, Steven"]
[Black "Kelson, Richard"]
[Result "1/2-1/2"]
[WhiteElo "2275"]
[BlackElo "2315"]
[PlyCount "73"]
[EventDate "1994.??.??"]
[EventType "swiss"]
[EventRounds "6"]
[EventCountry "USA"]
[SourceTitle "EXT 1997"]
[Source "ChessBase"]
[SourceDate "1996.11.15"]
[SourceVersion "1"]
[SourceVersionDate "1996.11.15"]
[SourceQuality "1"]

1. d4 Nf6 2. c4 e6 3. Nf3 b6 4. Nc3 Bb7 5. Bg5 h6 6. Bh4 Be7 7. e3 Ne4 8. Bxe7 Qxe7 9. Qc2 Nxc3 10. Qxc3 d6 11. Be2 Nd7 12. 0-0 0-0 13. b4 c5 14. a4 a5 15. bxc5 bxc5 16. Rfb1 Bc6 17. Nd2 Rfc8 18. Bf3 cxd4 19. exd4 d5 20. c5 e5 21. Nb3 exd4 22. Nxd4 Ne5 23. Be2 Be8 24. Rc1 Nc4 25. Bxc4 Rxc5 26. Qf3 Qe5 27. Bxd5 Rxd5 28. Nb5 Rad8 29. Re1 Qf5 30. Qxf5 Rxf5 31. Rab1 Bxb5 32. Rxb5 Rxb5 33. axb5 Rb8 34. Rb1 a4 35. Kf1 a3 36. Ra1 Rxb5 37. Rxa3 1/2-1/2

[Event "Reno op"]
[Site "Reno"]
[Date "1994.??.??"]
[Round "?"]
[White "Kelson, Richard"]
[Black "Kudrin, Sergey"]
[Result "1/2-1/2"]
[WhiteElo "2315"]
[BlackElo "2550"]
[PlyCount "44"]
[EventDate "1994.??.??"]
[EventType "swiss"]
[EventRounds "9"]
[EventCountry "USA"]
[SourceTitle "EXT 1997"]
[Source "ChessBase"]
[SourceDate "1996.11.15"]
[SourceVersion "1"]
[SourceVersionDate "1996.11.15"]
[SourceQuality "1"]

1. e4 c5 2. Nf3 e6 3. d4 cxd4 4. Nxd4 a6 5. Nc3 Qc7 6. g3 Bb4 7. Nde2 Nf6 8. Bg2 Be7 9. 0-0 Nc6 10. a4 0-0 11. h3 Rd8 12. Bf4 d6 13. g4 h6 14. Ng3 Nh7 15. Qe2 Nf8 16. Be3 Ne5 17. Rad1 Bd7 18. Nf5 Nfg6 19. Nxe7+ Nxe7 20. Bc1 Qb6 21. Qe3 Qxe3 22. Bxe3 Be8 1/2-1/2

[Event "San Mateo op"]
[Site "San Mateo"]
[Date "1992.??.??"]
[Round "?"]
[White "Ruggiero, Pamela"]
[Black "Kelson, Richard"]
[Result "0-1"]
[WhiteElo "2080"]
[BlackElo "2305"]
[PlyCount "94"]
[EventDate "1992.??.??"]
[EventType "swiss"]
[EventRounds "9"]
[EventCountry "PUR"]
[SourceTitle "EXT 1999"]
[Source "ChessBase"]
[SourceDate "1998.11.16"]
[SourceVersion "1"]
[SourceVersionDate "1998.11.16"]
[SourceQuality "1"]

1. Nf3 Nf6 2. g3 b6 3. Bg2 Bb7 4. 0-0 e6 5. c4 c5 6. Nc3 Be7 7. e3 0-0 8. Qe2 d6 9. Rd1 Nbd7 10. b3 Rc8 11. Bb2 Qc7 12. d4 Ne4 13. Rac1 Qb8 14. Nxe4 Bxe4 15. Ne5 Bxg2 16. Nxd7 Qb7 17. d5 Qxd7 18. Qg4 g6 19. Kxg2 Qb7 20. h4 f5 21. Qf3 e5 22. Qe2 Qd7 23. f4 e4 24. Rh1 h5 25. Bc3 Bf6 26. Qb2 Bxc3 27. Qxc3 Qg7 28. Qxg7+ Kxg7 29. Rc2 Rb8 30. Rb1 b5 31. cxb5 Rxb5 32. Rc4 Rf7 33. Kf2 Rfb7 34. Ke2 Ra5 35. Rb2 Kf6 36. Kd2 Ra3 37. Rbc2 a5 38. Ke2 a4 39. bxa4 Rb1 40. Kf2 Rd1 41. R4c3 Rxa4 42. Rb3 Rxd5 43. Rcb2 c4 44. Rb4 c3 45. Rxa4 cxb2 46. Rb4 Rd2+ 47. Ke1 Rc2 0-1

[Event "Reno op"]
[Site "Reno"]
[Date "1992.??.??"]
[Round "5"]
[White "Shabalov, Alexander"]
[Black "Kelson, Richard"]
[Result "1/2-1/2"]
[WhiteElo "2525"]
[BlackElo "2310"]
[PlyCount "83"]
[EventDate "1992.??.??"]
[EventType "swiss"]
[EventRounds "6"]
[EventCountry "USA"]
[SourceTitle "EXT 1997"]
[Source "ChessBase"]
[SourceDate "1996.11.15"]
[SourceVersion "1"]
[SourceVersionDate "1996.11.15"]
[SourceQuality "1"]

1. d4 Nf6 2. c4 e6 3. Nc3 Bb4 4. Qc2 Nc6 5. Nf3 d6 6. h3 e5 7. dxe5 dxe5 8. Bg5 h6 9. Bh4 Qe7 10. e3 Bxc3+ 11. bxc3 g5 12. Bg3 Nh5 13. Bh2 Ng7 14. Be2 f5 15. Rd1 0-0 16. 0-0 f4 17. Rfe1 Nf5 18. Bd3 Qg7 19. Be4 Nfe7 20. Kh1 Bf5 21. exf4 exf4 22. Nd4 Nxd4 23. Rxd4 Bxe4 24. Rdxe4 Nf5 25. Re5 Qf7 26. Bg1 Rad8 27. f3 b6 28. c5 Rd5 29. Bf2 Ne3 30. Qe4 Rxe5 31. Qxe5 Re8 32. Qd4 Qxa2 33. Bxe3 fxe3 34. Rxe3 Rxe3 35. Qxe3 Qd5 36. Qe8+ Kg7 37. Qe7+ Kg6 38. Qxc7 bxc5 39. Kh2 a5 40. Qb6+ Kg7 41. Qc7+ Qf7 42. Qxa5 1/2-1/2

[Event "US Open-88"]
[Site "Portland"]
[Date "1987.08.13"]
[Round "11"]
[White "Kelson, Richard"]
[Black "Minev, Nikolay Nikolaev"]
[Result "1/2-1/2"]
[WhiteElo "2338"]
[BlackElo "2442"]
[PlyCount "58"]
[EventDate "1987.08.02"]
[EventType "swiss"]
[EventRounds "12"]
[EventCountry "USA"]
[SourceTitle "EXT 1997"]
[Source "ChessBase"]
[SourceDate "1996.11.15"]
[SourceVersion "1"]
[SourceVersionDate "1996.11.15"]
[SourceQuality "1"]

1. e4 c5 2. Nf3 d6 3. d4 cxd4 4. Nxd4 Nf6 5. Nc3 Nc6 6. Bg5 Qb6 7. Nb3 e6 8. Bd3 a6 9. 0-0 Be7 10. a4 Qc7 11. a5 0-0 12. Qe2 Nb4 13. Be3 Bd7 14. Bb6 Qb8 15. Bd4 Nxd3 16. cxd3 e5 17. Be3 Be6 18. Nd2 Qd8 19. Nc4 Rc8 20. Nb6 Rc6 21. d4 exd4 22. Bxd4 Nd7 23. Nbd5 Re8 24. f4 Bf8 25. Qd3 f6 26. Rfe1 Bf7 27. Qg3 Rc4 28. Qd3 Rc6 29. Qg3 Rc4 1/2-1/2

[Event "US Open-88"]
[Site "Portland"]
[Date "1987.08.12"]
[Round "10"]
[White "Rachels, Stuart"]
[Black "Kelson, Richard"]
[Result "1-0"]
[WhiteElo "2461"]
[BlackElo "2338"]
[PlyCount "42"]
[EventDate "1987.08.02"]
[EventType "swiss"]
[EventRounds "12"]
[EventCountry "USA"]
[SourceTitle "EXT 1997"]
[Source "ChessBase"]
[SourceDate "1996.11.15"]
[SourceVersion "1"]
[SourceVersionDate "1996.11.15"]
[SourceQuality "1"]

1. e4 e5 2. Nf3 Nf6 3. Nxe5 d6 4. Nf3 Nxe4 5. d4 d5 6. Bd3 Be7 7. 0-0 Nc6 8. c4 Nb4 9. cxd5 Nxd3 10. Qxd3 Qxd5 11. Re1 Bf5 12. Ne5 0-0-0 13. Qf3 g6 14. g4 Rhg8 15. gxf5 gxf5+ 16. Kf1 Kb8 17. Nc3 Qxd4 18. Bf4 f6 19. Rad1 Qb6 20. Nd7+ Rxd7 21. Rxd7 Bd6 1-0

[Event "US Open-88"]
[Site "Portland"]
[Date "1987.08.05"]
[Round "4"]
[White "Kelson, Richard"]
[Black "Haselden, Robert"]
[Result "1-0"]
[WhiteElo "2338"]
[BlackElo "2016"]
[PlyCount "55"]
[EventDate "1987.08.02"]
[EventType "swiss"]
[EventRounds "12"]
[EventCountry "USA"]
[SourceTitle "EXT 1997"]
[Source "ChessBase"]
[SourceDate "1996.11.15"]
[SourceVersion "1"]
[SourceVersionDate "1996.11.15"]
[SourceQuality "1"]

1. e4 c5 2. Nf3 Nc6 3. d4 cxd4 4. Nxd4 Nf6 5. Nc3 e5 6. Ndb5 d6 7. Bg5 a6 8. Na3 b5 9. Nd5 Qa5+ 10. Bd2 Qd8 11. Bg5 Qa5+ 12. Bd2 Qd8 13. Nxf6+ gxf6 14. c4 bxc4 15. Bxc4 Bb7 16. Bxf7+ Ke7 17. Bd5 h5 18. Qa4 Qd7 19. Rc1 Rc8 20. Nc4 Qg4 21. 0-0 Nd4 22. Ne3 Ne2+ 23. Kh1 Rxc1 24. Bxc1 Qc8 25. Nf5+ Kd8 26. Bd2 Qb8 27. Ba5+ Kc8 28. Qe8# 1-0